000 003460000a22001450004500
005 20120302065010.0
942 _cBOOK
100 _a Deshpande,D.V.
245 _a Sadguru Iranna Swami-Charitra va Kavya
260 _aSatara:Shrinath Sevamandal
300 _a108p..-ill
040 _aMar
365 _b20/-
650 _aIranna swami,Telgi yogi
999 _c363634
_d363631